Science Quiz

Random Science Quiz
Score 0/44 Timer 10:00
0 Plays Today
Hint Answer % Correct
H1+hydrogen ion
83.3%
Li1+lithium ion
83.3%
Na1+sodium ion
83.3%
K1+potassium ion
83.3%
Rb1+rubidium ion
66.7%
Mg2+magnesium ion
66.7%
Ca2+calcium ion
66.7%
Ba2+barium ion
66.7%
Be2+beryllium ion
58.3%
Sr2+strontium ion
58.3%
Ra2+radium ion
58.3%
Al3+aluminum ion
58.3%
Ag1+silver ion
58.3%
Zn2+zinc ion
58.3%
Cs1+cesium ion
50%
H1-hydride
50%
F1-fluoride
41.7%
Cl1-chloride
41.7%
Br1-bromide
41.7%
I1-iodide
41.7%
O2-oxide
41.7%
Hg22+mercury(I)
25%
Hint Answer % Correct
Hg2+mercury(II)
25%
Cu+copper(I)
25%
Cu2+copper(II)
25%
Au+gold(I)
25%
Cr2+Chromium(II)
25%
Cr3+chromium(III)
25%
Mn2+manganese(II)
25%
Mn3+manganese(III)
25%
Fe2+Iron(II)
25%
Co2+cobalt(II)
25%
Co3+cobalt(III)
25%
Ni2+nickel(II)
25%
S2-sulfide
25%
N3-nitride
25%
P3-phosphide
25%
Ni4+nickel(IV)
16.7%
Sn4+tin(IV)
16.7%
Pb2+lead(II)
16.7%
Pb4+lead(IV)
16.7%
Se2-selenide
16.7%
Te2-telluride
16.7%
As3-arsenide
16.7%
Remove Ads.
Support Sporcle.
Get the best of Sporcle when you Go Orange. This ad-free experience offers more features, more stats, and more fun while also helping to support Sporcle. Thank you for becoming a member.

You're not logged in!

Compare scores with friends on all Sporcle quizzes.
OR
Log In

You Might Also Like...

Show Comments

Extras

Created Aug 17, 2016ReportNominate
Tags:ion, Polyatomic

Top Quizzes Today


Score Distribution

Your Account Isn't Verified!

In order to create a playlist on Sporcle, you need to verify the email address you used during registration. Go to your Sporcle Settings to finish the process.

Report this User

Report this user for behavior that violates our Community Guidelines.

Details: